000 01942nam a2200289Ia 4500
999 _c37573
_d37573
001 3543
003 GE_BSU
005 20230314162645.0
008 181216s2011||||ge |||||||||||||| ||geo||
020 _a9789941038899
040 _cGE_BSU
041 _ageo
080 _a342.7 ბ-15
245 _aბავშვზე ძალადობის ძირითადი საკითხები :
_bსაკითხავი მასალა სტუდენტებისთვის /
_cავტ.: ეკატერინე (ქეთევან) თავართქილაძე, ქეთევან დავითიშვილი, ირინა შარაბიძე და სხვ.; რედ. თამთა ფარულავა ; წინასიტყვ. ლია სარალიძე] ; საქ. საზ. ჯანდაცვის და მედიცინის განვითარების ფონდი.
264 _aთბილისი ,
_c2011.
300 _a204 გვ. :
_bცხრ.;
_c30 სმ.
653 _aძალადობა ბავშვის მიმართ
700 _aთავართქილაძე, ეკატერინე
_eავტორი
_92784
700 _aდავითიშვილი, ქეთევან
_eავტორი
_92785
700 _aშარაბიძე, ირინა
_eავტორი
_92786
700 _aგოგიჩაძე, ნინო
_eავტორი
_92759
700 _aმარგალიტაძე, ქეთევან
_eავტორი
_92787
700 _aმელიქიშვილი, მანანა
_eავტორი
_92788
700 _aფარულავა, თამთა
_eრედაქტორი
_92789
700 _aსარალიძე, ლია
_eწინასიტყვაობა
_92790
942 _cBK
_2udc